000 00442nam a2200193Ia 4500
005 20250603144430.0
008 250603s9999 xx 000 0 und d
020 _a9788121925372
050 _aTJ 230. G87/
100 _aGupta Khurmi
245 2 _aA textbook of machine design
250 _a2nd ed.
260 _aS Chand Ltd
260 _bNew Delhi
260 _c2017
300 _a1230 p
650 _aS Chand Ltd
942 _cBK
999 _c38901
_d38901